Statistics for Top Animals That Kill in Africa

Click here to take the quiz!

General Stats

  • This quiz has been taken 623 times
    (616 since last reset)
  • The average score is 6 of 10

Answer Stats

HintAnswer% Correct
7lion
98%
2hippopotamus
89%
3elephant
86%
10rhino
73%
5crocodile
71%
9cape buffalo
58%
1mosquito
58%
4black mamba
43%
6great white shark
26%
8puff adder
10%

Score Distribution

Percentile by Number Answered

Percent of People with Each Score

Your Score History

You have not taken this quiz since the last reset